Joint-Ventures in Russland Bedingungen - Probleme - Erfolgsfaktoren
Guardado en:
| Autor principal: | |
|---|---|
| Formato: | Libro |
| Lenguaje: | alemán |
| Publicado: |
Wiesbaden
Gabler
1993
|
| Edición: | 1. Aufl. |
| Colección: | Mir-Edition [Management International Rewiew]
|
| Materias: | |
| Etiquetas: |
Sin Etiquetas, Sea el primero en etiquetar este registro!
|
MARC
| LEADER | 00000nam a2200000 4500 | ||
|---|---|---|---|
| 001 | c006251 | ||
| 005 | 20221206074620.2 | ||
| 020 | |a 3-409-13876-5 | ||
| 041 | 0 | |a ger | |
| 044 | |a DE | ||
| 245 | 1 | 0 | |a Joint-Ventures in Russland |b Bedingungen - Probleme - Erfolgsfaktoren |c Michael-Jörg Oesterle |
| 250 | |a 1. Aufl. | ||
| 264 | 1 | |a Wiesbaden |b Gabler |c 1993 | |
| 300 | |a 613 s. | ||
| 490 | 1 | |a Mir-Edition [Management International Rewiew] | |
| 830 | 0 | |a Mir-Edition [Management International Rewiew] | |
| 610 | 2 | 0 | |a joint ventures |
| 610 | 2 | 0 | |a manažment medzinárodný |
| 610 | 2 | 0 | |a podnikanie |
| 610 | 2 | 0 | |a obchod medzinárodný |
| 610 | 2 | 0 | |a Rusko |
| 100 | 1 | |a Oesterle, Michael-Jörg | |